Statistics for 「う」から始まる市区町村

Click here to take the quiz!

General Stats

  • This quiz has been taken 65 times
  • The average score is 27 of 37

Answer Stats

AnswerHint% Correct
宇都宮市栃木県
93%
うるま市沖縄県
93%
宇部市山口県
89%
上田市長野県
89%
宇和島市愛媛県
87%
宇治市京都府
87%
雲仙市長崎県
82%
魚沼市新潟県
80%
うきは市福岡県
80%
浦安市千葉県
80%
上野原市山梨県
80%
宇佐市大分県
80%
牛久市茨城県
78%
魚津市富山県
76%
宇土市熊本県
76%
浦添市沖縄県
75%
宇陀市奈良県
75%
浦河町北海道浦河郡
73%
内灘町石川県河北郡
73%
雲南市島根県
73%
歌志内市北海道
73%
宇城市熊本県
69%
嬉野市佐賀県
69%
臼杵市大分県
69%
雨竜町北海道雨竜郡
67%
上野村群馬県多野郡
67%
宇治田原町京都府綴喜郡
65%
売木村長野県下伊那郡
62%
内子町愛媛県喜多郡
62%
宇多津町香川県綾歌郡
62%
馬路村高知県安芸郡
60%
羽後町秋田県雄勝郡
55%
浦臼町北海道樺戸郡
55%
浦幌町北海道十勝郡
55%
宇検村鹿児島県大島郡
53%
宇美町福岡県糟屋郡
53%
産山村熊本県阿蘇郡
49%

Score Distribution

Percentile by Number Answered

Percent of People with Each Score

Your Score History

You have not taken this quiz